<?xml version="1.0" encoding="UTF-8"?>
<record
    xmlns:xsi="http://www.w3.org/2001/XMLSchema-instance"
    xsi:schemaLocation="http://www.loc.gov/MARC21/slim http://www.loc.gov/standards/marcxml/schema/MARC21slim.xsd"
    xmlns="http://www.loc.gov/MARC21/slim">

  <leader>04867njm a2200637Ia 4500</leader>
  <controlfield tag="001">B1256</controlfield>
  <controlfield tag="003">IT-RoPAU</controlfield>
  <controlfield tag="005">20220918181115.0</controlfield>
  <controlfield tag="008">131025s9999    xx            000 0 und d</controlfield>
  <datafield tag="040" ind1=" " ind2=" ">
    <subfield code="a">IT-RoPAU</subfield>
  </datafield>
  <datafield tag="040" ind1=" " ind2=" ">
    <subfield code="c">IT-RoPAU</subfield>
  </datafield>
  <datafield tag="999" ind1=" " ind2=" ">
    <subfield code="c">99301</subfield>
    <subfield code="d">99301</subfield>
  </datafield>
  <datafield tag="999" ind1=" " ind2=" ">
    <subfield code="b">n.d.</subfield>
  </datafield>
  <datafield tag="100" ind1=" " ind2=" ">
    <subfield code="a">AA.VV.</subfield>
    <subfield code="9">794</subfield>
  </datafield>
  <datafield tag="100" ind1=" " ind2=" ">
    <subfield code="e">Autore musica</subfield>
    <subfield code="9">28559</subfield>
  </datafield>
  <datafield tag="100" ind1=" " ind2=" ">
    <subfield code="g">Codice autore musica SPICS: 12000</subfield>
    <subfield code="9">796</subfield>
  </datafield>
  <datafield tag="245" ind1=" " ind2="2">
    <subfield code="a">A Jazz Life</subfield>
  </datafield>
  <datafield tag="250" ind1=" " ind2=" ">
    <subfield code="a">2a ed.</subfield>
  </datafield>
  <datafield tag="260" ind1=" " ind2=" ">
    <subfield code="a">MILANO</subfield>
  </datafield>
  <datafield tag="260" ind1=" " ind2=" ">
    <subfield code="b">RUSCONI</subfield>
    <subfield code="c">1992 [1a Ed.:0]</subfield>
  </datafield>
  <datafield tag="300" ind1=" " ind2=" ">
    <subfield code="a">COMPACT DISC</subfield>
  </datafield>
  <datafield tag="300" ind1=" " ind2=" ">
    <subfield code="c">81 minuti (Testo: 0 pag.)</subfield>
  </datafield>
  <datafield tag="500" ind1=" " ind2=" ">
    <subfield code="a">Musica jazz. Cd fuori commercio allegato al n. 8-9 della rivista "Musica jazz".</subfield>
  </datafield>
  <datafield tag="505" ind1=" " ind2=" ">
    <subfield code="a">Executive suite [(Avignone, 24 luglio 1970) (7:00)] - Yesterdays [(Brazil, agosto 1956) (4:00)] - Blues For Bird (5:00) - What's New [(Norvegia, 6-7 agosto 1968) (9:00)] - Spring Can Really Hang You Up the Most [(Copenaghen, 20 agosto 1969) (6:00)] - If I Should Lose You (4:00) - Everything Happens To Me (28 giugno 1974) - Donna Lee [(Cambridge, Massachusetts, 27 aprile 1977) (7:00)] - A Child's Blues [(North Carolina, luglio 1977) (7:00)] - Body and Soul (Middleheim, 16 agosto 1979) (15:00)] - Poor Butterfly (Hilversum, Olanda, luglio 1982) (4:00)] - If You Could See Me Now [(Hilversum, Olanda, luglio 1982) (7:00)] - Nardis: Take 3 (Rivotorto d'Assisi, 16 luglio 1988) (6:00)]</subfield>
  </datafield>
  <datafield tag="511" ind1=" " ind2=" ">
    <subfield code="a">Woods Phil: alto; Beck Gordon: p; Texier Henri: cb; Humair Daniel: batt; European Rhythm Machine</subfield>
  </datafield>
  <datafield tag="511" ind1=" " ind2=" ">
    <subfield code="a">Gordon Joe: tr; Gillespie Dizzy: tr; Perry Ermit V.: tr; Warwick Carl: tr; Jones Quincy: tr; Liston Melba: trne; Rehak Frank: trne; Levitt Rod: trne; Woods Phil: alto; Powell Jimmy: alto; Mitchell Billy: ten; Golson Benny: ten; Flax Marty: bar; Davis Walter: p; Boyd Nelson: cb; Persip Charlie: batt; Dizzy Gillespie Orchestra</subfield>
  </datafield>
  <datafield tag="511" ind1=" " ind2=" ">
    <subfield code="a">Phil Woods: alto con formazione sconosciuta delle Jazz Clinics</subfield>
  </datafield>
  <datafield tag="511" ind1=" " ind2=" ">
    <subfield code="a">Woods Phil: alto; Hansen Ole Kock: p; Orsted-Pederson Niels-Henning: cb; Gruysted Lennart: batt</subfield>
  </datafield>
  <datafield tag="511" ind1=" " ind2=" ">
    <subfield code="a">Phil Woods con orchestra d'archi sconosciuta; Hyman Dick: dir</subfield>
  </datafield>
  <datafield tag="511" ind1=" " ind2=" ">
    <subfield code="a">Woods Phil: alto; Konitz Lee: alto; Leahey Harry: chit; Gilmore Steve: cb; Goodwin Bill: batt; Phil Woods-Lee Konitz Quintet</subfield>
  </datafield>
  <datafield tag="511" ind1=" " ind2=" ">
    <subfield code="a">Phil Woods Alto &amp; North Texas State Lab Land</subfield>
  </datafield>
  <datafield tag="511" ind1=" " ind2=" ">
    <subfield code="a">Woods Phil: alto; Bunick Nico: p; Gilmore Steve: cb; Goodwin Bill: batt;</subfield>
  </datafield>
  <datafield tag="511" ind1=" " ind2=" ">
    <subfield code="a">Woods Phil: cl con la Metropole Orchestra; Pronk Rob: dir</subfield>
  </datafield>
  <datafield tag="511" ind1=" " ind2=" ">
    <subfield code="a">Woods Phil; alto con la Metropole Orchestra; Pronk Rob: dir</subfield>
  </datafield>
  <datafield tag="518" ind1=" " ind2=" ">
    <subfield code="a">Tamburini Marco: tr, flic; Boltro Flavio: tr, flic; Terenzi Danilo: trne; Rossi Roberto: trne; Woods Phil: alto; Maurino Giancarlo: sop, alto; Raja Mario: sop, ten; Giammarco Maurizio: ten; Ottini Roberto: bar; Rinalduzzi Marco: chit; Rea Danilo: tast; Pietropaoli Enzo: cb; Gatto Roberto: batt; Phil Woods with the Big Bang Orchestra</subfield>
  </datafield>
  <datafield tag="650" ind1=" " ind2=" ">
    <subfield code="a">JAZZ [COMPACT DISC]</subfield>
    <subfield code="e">Codice MATERIA SPICS: 9949</subfield>
    <subfield code="9">11822</subfield>
  </datafield>
  <datafield tag="700" ind1=" " ind2=" ">
    <subfield code="a">Woods Phil</subfield>
    <subfield code="g">Codice interprete SPICS: 10778</subfield>
    <subfield code="e">Interprete</subfield>
    <subfield code="9">28560</subfield>
  </datafield>
  <datafield tag="700" ind1=" " ind2=" ">
    <subfield code="a">Beck Gordon</subfield>
    <subfield code="g">Codice autore musica SPICS: 36944</subfield>
    <subfield code="e">Autore musica</subfield>
    <subfield code="p">Executive Suite</subfield>
    <subfield code="9">28561</subfield>
  </datafield>
  <datafield tag="700" ind1=" " ind2=" ">
    <subfield code="a">Kern Jerome</subfield>
    <subfield code="g">Codice autore musica SPICS: 10779</subfield>
    <subfield code="e">Autore musica</subfield>
    <subfield code="p">Yesterdays</subfield>
    <subfield code="9">28562</subfield>
  </datafield>
  <datafield tag="700" ind1=" " ind2=" ">
    <subfield code="a">Woods Phil</subfield>
    <subfield code="g">Codice autore musica SPICS: 10778</subfield>
    <subfield code="e">Autore musica</subfield>
    <subfield code="p">Blues For Bird - A Child's Blues</subfield>
    <subfield code="9">28563</subfield>
  </datafield>
  <datafield tag="700" ind1=" " ind2=" ">
    <subfield code="a">Haggart Bob</subfield>
    <subfield code="g">Codice autore musica SPICS: 16365</subfield>
    <subfield code="e">Autore musica</subfield>
    <subfield code="p">What's New</subfield>
    <subfield code="9">28564</subfield>
  </datafield>
  <datafield tag="700" ind1=" " ind2=" ">
    <subfield code="a">Burke Johnny</subfield>
    <subfield code="g">Codice autore SPICS: 15743</subfield>
    <subfield code="e">Autore</subfield>
    <subfield code="p">What's New</subfield>
    <subfield code="9">28565</subfield>
  </datafield>
  <datafield tag="700" ind1=" " ind2=" ">
    <subfield code="a">Landesman F.</subfield>
    <subfield code="g">Codice autore musica SPICS: 36945</subfield>
    <subfield code="e">Autore musica</subfield>
    <subfield code="p">Spring Can Really Hang You Up the Most</subfield>
    <subfield code="9">28566</subfield>
  </datafield>
  <datafield tag="700" ind1=" " ind2=" ">
    <subfield code="a">Wolf T.</subfield>
    <subfield code="g">Codice autore SPICS: 36946</subfield>
    <subfield code="e">Autore</subfield>
    <subfield code="p">Spring Can Really Hang You Up the Most</subfield>
    <subfield code="9">28567</subfield>
  </datafield>
  <datafield tag="700" ind1=" " ind2=" ">
    <subfield code="a">Rainger Ralph</subfield>
    <subfield code="g">Codice autore musica SPICS: 20269</subfield>
    <subfield code="e">Autore musica</subfield>
    <subfield code="p">If I Should Lose You</subfield>
    <subfield code="9">28568</subfield>
  </datafield>
  <datafield tag="700" ind1=" " ind2=" ">
    <subfield code="a">Robbins L.</subfield>
    <subfield code="g">Codice autore SPICS: 36947</subfield>
    <subfield code="e">Autore</subfield>
    <subfield code="p">If I Should Lose You</subfield>
    <subfield code="9">28569</subfield>
  </datafield>
  <datafield tag="700" ind1=" " ind2=" ">
    <subfield code="a">Adair T.</subfield>
    <subfield code="g">Codice autore musica SPICS: 36948</subfield>
    <subfield code="e">Autore musica</subfield>
    <subfield code="p">Everything Happens To Me</subfield>
    <subfield code="9">28570</subfield>
  </datafield>
  <datafield tag="700" ind1=" " ind2=" ">
    <subfield code="a">Dennis Matt</subfield>
    <subfield code="g">Codice autore SPICS: 23712</subfield>
    <subfield code="e">Autore</subfield>
    <subfield code="p">Everything Happens To Me</subfield>
    <subfield code="9">28571</subfield>
  </datafield>
  <datafield tag="700" ind1=" " ind2=" ">
    <subfield code="a">Parker Charlie (B.)</subfield>
    <subfield code="g">Codice autore musica SPICS: 10799</subfield>
    <subfield code="e">Autore musica</subfield>
    <subfield code="p">Donna Lee</subfield>
    <subfield code="9">28572</subfield>
  </datafield>
  <datafield tag="700" ind1=" " ind2=" ">
    <subfield code="a">Sour R.</subfield>
    <subfield code="g">Codice autore musica SPICS: 20664</subfield>
    <subfield code="e">Autore musica</subfield>
    <subfield code="p">Body and Soul</subfield>
    <subfield code="9">28573</subfield>
  </datafield>
  <datafield tag="700" ind1=" " ind2=" ">
    <subfield code="a">Green John</subfield>
    <subfield code="g">Codice autore SPICS: 29755</subfield>
    <subfield code="e">Autore</subfield>
    <subfield code="p">Body and Soul</subfield>
    <subfield code="9">28574</subfield>
  </datafield>
  <datafield tag="700" ind1=" " ind2=" ">
    <subfield code="a">Golden Joanne M.</subfield>
    <subfield code="g">Codice autore musica SPICS: 26817</subfield>
    <subfield code="e">Autore musica</subfield>
    <subfield code="p">Poor Butterfly</subfield>
    <subfield code="9">28575</subfield>
  </datafield>
  <datafield tag="700" ind1=" " ind2=" ">
    <subfield code="a">Hubbell R.</subfield>
    <subfield code="g">Codice autore SPICS: 36949</subfield>
    <subfield code="e">Autore</subfield>
    <subfield code="p">Poor Butterfly</subfield>
    <subfield code="9">28576</subfield>
  </datafield>
  <datafield tag="700" ind1=" " ind2=" ">
    <subfield code="a">Dameron Tadd</subfield>
    <subfield code="g">Codice autore musica SPICS: 10526</subfield>
    <subfield code="e">Autore musica</subfield>
    <subfield code="p">If You Could See Me Now</subfield>
    <subfield code="9">28577</subfield>
  </datafield>
  <datafield tag="700" ind1=" " ind2=" ">
    <subfield code="a">Davis Miles</subfield>
    <subfield code="g">Codice autore musica SPICS: 10734</subfield>
    <subfield code="e">Autore musica</subfield>
    <subfield code="p">Nardis: Take 3</subfield>
    <subfield code="9">28578</subfield>
  </datafield>
  <datafield tag="942" ind1=" " ind2=" ">
    <subfield code="c">CD</subfield>
    <subfield code="2">ddc</subfield>
  </datafield>
  <datafield tag="952" ind1=" " ind2=" ">
    <subfield code="0">0</subfield>
    <subfield code="1">0</subfield>
    <subfield code="4">0</subfield>
    <subfield code="6">B_1256_000000000000000</subfield>
    <subfield code="7">1</subfield>
    <subfield code="a">SPICS</subfield>
    <subfield code="b">SPICS</subfield>
    <subfield code="d">2013-10-25</subfield>
    <subfield code="l">0</subfield>
    <subfield code="o">B1256</subfield>
    <subfield code="r">2013-10-25 00:00:00</subfield>
    <subfield code="w">2013-10-25</subfield>
    <subfield code="y">CD</subfield>
    <subfield code="z">Progr. Ins.: 447 / N.Vol.: 1 / Copie: 1 - Copia rara: n.d. / date import: 01.01.2014 - By Epidotti, Trombetti, Vaglietti</subfield>
  </datafield>
</record>
